[Event "POL-chT 2nd League"]
[Site "Wysowa"]
[Date "2007.09.04"]
[Round "2"]
[White "Kucypera, Malgorzata"]
[Black "Leszczynska, Jolanta"]
[Result "1-0"]
[WhiteElo "2042"]
[BlackElo "2061"]
[PlyCount "64"]
[EventDate "2007.09.03"]
[EventType "team-swiss"]
[EventRounds "9"]
[EventCountry "POL"]
[SourceTitle "EXT 2010"]
[Source "ChessBase"]
[SourceDate "2010.11.25"]
[SourceVersion "1"]
[SourceVersionDate "2010.11.25"]
[SourceQuality "1"]
[WhiteTeam "Wroclaw AZS Politechnika"]
[BlackTeam "Wloclawek Leszczynski"]
[WhiteTeamCountry "POL"]
[BlackTeamCountry "POL"]

1. e4 e6 2. d4 b6 3. Bd3 Bb7 4. c3 Nf6 5. Qc2 c5 6. a3 c4 7. Bf1 Bxe4 8. Qa4 Bd5 9. Nd2 a6 10. Ngf3 Be7 11. Be2 b5 12. Qc2 d6 13. 0-0 Nc6 14. b3 cxb3 15. Nxb3 0-0 16. a4 Qb6 17. axb5 axb5 18. Bf4 Rac8 19. Qb2 Rc7 20. Nbd2 Rb7 21. Rfb1 Na7 22. c4 Bc6 23. Be3 d5 24. Ne5 Rfb8 25. Bf4 Be8 26. c5 Qd8 27. Ra6 Ne4 28. Nxe4 dxe4 29. Qa1 g5 30. Bg3 Nc8 31. Ng4 Qd5 32. Bxb8 Rxb8 1-0

[Event "POL-chT 2nd League"]
[Site "Wysowa"]
[Date "2007.09.03"]
[Round "1"]
[White "Leszczynska, Jolanta"]
[Black "Sikorska, Agata"]
[Result "1-0"]
[WhiteElo "2061"]
[BlackElo "2090"]
[PlyCount "113"]
[EventDate "2007.09.03"]
[EventType "team-swiss"]
[EventRounds "9"]
[EventCountry "POL"]
[SourceTitle "EXT 2010"]
[Source "ChessBase"]
[SourceDate "2010.11.25"]
[SourceVersion "1"]
[SourceVersionDate "2010.11.25"]
[SourceQuality "1"]
[WhiteTeam "Wloclawek Leszczynski"]
[BlackTeam "Wegrow SRSDiM"]
[WhiteTeamCountry "POL"]
[BlackTeamCountry "POL"]

1. d4 Nf6 2. c4 g6 3. Nc3 Bg7 4. e4 d6 5. Bd3 0-0 6. Nge2 c5 7. d5 e6 8. h3 exd5 9. cxd5 Re8 10. 0-0 Nbd7 11. Bg5 a6 12. a4 b6 13. Qd2 Ne5 14. Bc2 Qc7 15. b3 c4 16. b4 Bb7 17. Nd4 Rac8 18. Rac1 Nfd7 19. f4 Nd3 20. Bxd3 Bxd4+ 21. Kh2 cxd3 22. Nb5 Qxc1 23. Rxc1 axb5 24. Rxc8 Bxc8 25. Qxd3 Bg7 26. Qxb5 h6 27. Bh4 Rxe4 28. Qc6 Re8 29. a5 bxa5 30. bxa5 Bd4 31. a6 Bc5 32. Kh1 Kg7 33. Kh2 f6 34. Qc7 g5 35. Bg3 Kg6 36. a7 Nb6 37. a8Q Nxa8 38. Qc6 Kf7 39. Qxa8 Bxh3 40. Qb7+ Re7 41. Qb1 Bg4 42. Qh7+ Ke8 43. Qh8+ Kd7 44. Qxf6 Bb4 45. fxg5 hxg5 46. Qxg5 Be2 47. Bh4 Re8 48. Qg7+ Kc8 49. Qa7 Re4 50. Qa8+ Kc7 51. Qc6+ Kb8 52. Bd8 Bc5 53. Bc7+ Ka7 54. Bxd6 Rh4+ 55. Kg3 Rg4+ 56. Kh3 Bf2 57. Bc5+ 1-0

[Event "POL-chT 2nd League"]
[Site "Wysowa"]
[Date "2005.08.29"]
[Round "3.24"]
[White "Leszczynska, Jolanta"]
[Black "Sikorska, Agata"]
[Result "1/2-1/2"]
[WhiteElo "2103"]
[BlackElo "2040"]
[PlyCount "33"]
[EventDate "2005.08.27"]
[EventType "team-swiss"]
[EventRounds "9"]
[EventCountry "POL"]
[SourceTitle "EXT 2019"]
[Source "ChessBase"]
[SourceDate "2018.10.10"]
[SourceVersion "1"]
[SourceVersionDate "2018.10.10"]
[SourceQuality "1"]
[WhiteTeam "Wloclawek Leszczynski"]
[BlackTeam "Poznan Lech"]
[WhiteTeamCountry "POL"]
[BlackTeamCountry "POL"]

1. d4 d5 2. Nf3 Nf6 3. c4 c6 4. e3 g6 5. b3 Bg7 6. Bd3 0-0 7. Nc3 dxc4 8. Bxc4 c5 9. Bb2 cxd4 10. Nxd4 a6 11. 0-0 b5 12. Be2 e5 13. Nc2 Bf5 14. Nb4 Ra7 15. Qxd8 Rxd8 16. Rad1 Rad7 17. Rxd7 1/2-1/2